000 00433nam a22001097a 4500
008 110705t xxu||||| |||| 00| 0 eng d
010 _aHCRO F-146
245 _aHigh Court Revision Order No.1 of 2000 Kato victor and 12 others vs Mushabe Venasio
260 _c2000
500 _aBefore: The Hon. Mr Justice Yorokamu Bamwine
999 _c4524
_d4524